G1 Transformers From 1990 - Statistics

General Stats
  • This quiz has been taken 22 times
  • The average score is 29 of 85
Answer Stats
Hint Answer % Correct
Actionmaster Inferno
89%
Actionmaster Megatron
89%
Actionmaster Optimus Prime
89%
Actionmaster Prowl
89%
Actionmaster Shockwave
89%
Actionmaster Soundwave
89%
Actionmaster Starscream
89%
Actionmaster Bumblebee
78%
Actionmaster Devastator
78%
Actionmaster Jazz
78%
Micromaster Racetrack Patrol Barricade
67%
Micromaster Combiner Base Blackout
67%
Actionmaster Snarl
67%
Actionmaster Wheeljack
67%
Actionmaster Banzai-Tron
56%
Actionmaster Grimlock
56%
Micromaster Combiner Construction Squad Knockout
56%
Actionmaster Axer
44%
Micromaster Combiner Astro Squad Barrage
44%
Actionmaster Blaster
44%
Micromaster Combiner Astro Squad Blast Master
33%
Micromaster Air Patrol Blaze Master
33%
Actionmaster Jackpot
33%
Actionmaster Skyfall
33%
Micromaster Construction Patrol Takedown
33%
Micromaster Hot Rod Patrol Big Daddy
22%
Micromaster Monster Truck Patrol Big Hauler
22%
Micromaster Military Patrol Bombshock
22%
Micromaster Combiner Station Cement-Head
22%
Micromaster Construction Patrol Crumble
22%
Micromaster Combiner Battle Squad Direct-Hit
22%
Micromaster Military Patrol Dropshot
22%
Micromaster Air Patrol Eagle Eye
22%
Micromaster Combiner Construction Squad Excavator
22%
Micromaster Combiner Battle Squad Fireshot
22%
Micromaster Combiner Base Full-Barrel
22%
Micromaster Hot Rod Patrol Greaser
22%
Micromaster Combiner Construction Squad Grit
22%
Micromaster Racetrack Patrol Groundhog
22%
Micromaster Construction Patrol Groundpounder
22%
Micromaster Military Patrol Growl
22%
Micromaster Combiner Transport Gusher
22%
Actionmaster Gutcruncher
22%
Micromaster Combiner Battle Squad Half-Track
22%
Micromaster Combiner Construction Squad Hammer
22%
Micromaster Combiner Astro Squad Heave
22%
Micromaster Monster Truck Patrol Heavy Tread
22%
Micromaster Hot Rod Patrol Hubs
22%
Micromaster Monster Truck Patrol Hydraulic
22%
Actionmaster Kick-Off
22%
Actionmaster Krok
22%
Actionmaster Mainframe
22%
Micromaster Combiner Battle Squad Meltdown
22%
Micromaster Combiner Astro Squad Missile Master
22%
Micromaster Combiner Astro Squad Moonrock
22%
Micromaster Racetrack Patrol Motorhead
22%
Micromaster Construction Patrol Neutro
22%
Micromaster Combiner Metro Squad Oiler
22%
Micromaster Combiner Base Overflow
22%
Actionmaster Over-Run
22%
Micromaster Combiner Astro Squad Phaser
22%
Micromaster Combiner Transport Pipeline
22%
Micromaster Combiner Battle Squad Power Punch
22%
Micromaster Combiner Metro Squad Power Run
22%
Actionmaster Rad
22%
Micromaster Combiner Transport Retro
22%
Micromaster Combiner Metro Squad Roadburner
22%
Micromaster Racetrack Patrol Roller Force
22%
Actionmaster Rollout
22%
Micromaster Air Patrol Sky High
22%
Micromaster Combiner Construction Squad Sledge
22%
Micromaster Combiner Metro Squad Slide
22%
Micromaster Monster Truck Patrol Slow Poke
22%
Micromaster Combiner Base Spaceshot
22%
Actionmaster Sprocket
22%
Micromaster Combiner Metro Squad Strikedown
22%
Micromaster Combiner Transport Surge
22%
Micromaster Combiner Station Terror-Tread
22%
Micromaster Military Patrol Tracer
22%
Micromaster Air Patrol Tread Bolt
22%
Actionmaster Treadshot
22%
Micromaster Hot Rod Patrol Trip Up
22%
Micromaster Combiner Battle Squad Vanquish
22%
Micromaster Combiner Metro Squad Wheel Blaze
22%
Micromaster Combiner Construction Squad Stonecuncher
11%
No matching quizzes found
Score Distribution
Percent of People with Each Score
Percentile by Number Answered
Your Score History
You have not taken this quiz